000 00319cam a22001097a 4500
008 180718b1977 xxu||||| |||| 00| 0 eng d
082 _aA75 M278AU
245 _aMaharashtra state gazetteers: Aurangabad
_cedited by B.G. Kunte
260 _aBombay
_bGazetteers Department
_c1977
300 _a1260+p.
700 _aKunte, B.G.
999 _c487051
_d487051